000 004980000a22001930004500
001 000858
003 MACL
005 20150804150642.0
008 150804b xxu||||| |||| 00| 0 eng d
040 _aMACL
_cMACL
041 _aEnglish
082 _a346.0166/TAL
100 _aTalwar, Rajesh
_93253
245 _aThe Divorce Handbook
_bYour Guide To Marriage And Divorce Laws
_cRajesh Talwar
260 _aDelhi
_c1999
_bVision Books,
350 _a125
650 _a Law
_94631
942 _k346
_cBK
_2ddc
999 _c856
_d856